|
|
|
|
| LEADER |
00916aam a22002418a 4500 |
| 001 |
00042480 |
| 005 |
20181002101008.0 |
| 008 |
120403s2007 ||||||viesd |
| 020 |
# |
# |
|c 3500
|
| 041 |
0 |
# |
|a vie
|
| 082 |
1 |
4 |
|a 398.209 597 78
|b V115H
|
| 100 |
1 |
# |
|a Hà, Thắng
|
| 245 |
1 |
0 |
|c Hà Thắng
|a Văn học dân gian Đồng bằng sông Cửu long
|b Truyện dân gian Đồng bằng sông cửu long
|n T.1
|
| 260 |
# |
# |
|a Đồng Tháp
|b Đồng Tháp
|c 1988
|
| 300 |
# |
# |
|c 21 cm.
|a 223 tr.
|
| 500 |
# |
# |
|a ĐTTS ghi: Khoa ngữ văn trường Đại học Cần Thơ
|
| 653 |
# |
# |
|a Truyện dân gian
|
| 653 |
# |
# |
|a Truyện ngụ ngôn
|
| 653 |
# |
# |
|a Văn học dan gian
|
| 653 |
# |
# |
|a Đồng bằng sông cửu Long
|
| 852 |
# |
# |
|j KD.0024229
|j KM.0026259
|
| 910 |
|
|
|d 02/10/2018
|
| 980 |
# |
# |
|a Trung tâm Học liệu Lê Vũ Hùng, Trường Đại học Đồng Tháp
|